[Event "ch-RUS Rapid"]
[Site "Olginka RUS"]
[Date "2011.04.26"]
[Round "8"]
[White "Lastin,A"]
[Black "Nakhapetiane,P"]
[Result "1-0"]
[WhiteElo "2617"]
[BlackElo "2495"]

1.e4 e6 2.d4 d5 3.Nd2 Be7 4.Ngf3 Nf6 5.Bd3 c5 6.e5 Nfd7 7.c3 Nc6 8.O-O O-O
9.Re1 f5 10.exf6 Nxf6 11.Nf1 Qc7 12.Ng3 Bd7 13.Bg5 Rae8 14.Bc2 Bd6 15.Qd3 Bc8
16.a3 c4 17.Qe2 Ng4 18.b3 e5 19.bxc4 e4 20.cxd5 Bxg3 21.hxg3 exf3 22.Qxe8 Rxe8
23.Rxe8+ Kf7 24.Rae1 Nge5 25.R8xe5 Nxe5 26.dxe5 Qxc3 27.e6+ Kg8 28.Rc1 Qe5
29.Bf4 Qxd5 30.Bb3  1-0

[Event "Karlovy Vary Open"]
[Site "Karlovy Vary CZE"]
[Date "2011.04.28"]
[Round "1.12"]
[White "Ruzicka,V1"]
[Black "Wimmer,Mi"]
[Result "0-1"]
[WhiteElo "1714"]
[BlackElo "2088"]

1.e4 e6 2.d4 d5 3.Nd2 Be7 4.Ngf3 Nf6 5.Bd3 c5 6.Bb5+ Bd7 7.Bxd7+ Nbxd7 8.exd5 Nxd5
9.O-O O-O 10.Ne4 Rc8 11.dxc5 Nxc5 12.Qd4 Nf6 13.Qxd8 Rfxd8 14.Nxc5 Bxc5 15.Bg5 Rd5
16.Bxf6 gxf6 17.Rad1 Rcd8 18.Rxd5 Rxd5 19.c4 Rd3 20.Rb1 Kg7 21.h3 f5 22.b4 Be7
23.a4 Kf6 24.a5 Rc3 25.c5 a6 26.Nd4 e5 27.Ne2 Rc2 28.Kf1 Ke6 29.f4 f6 30.fxe5 fxe5
31.g3 Rc4 32.Rb3 e4 33.Nf4+ Ke5 34.Ke2 Bg5 35.Ke3 Rc2 36.b5 Rg2 37.bxa6 bxa6
38.Rb6 Rxg3+ 39.Ke2 Kxf4 40.c6 Rg2+ 41.Kf1 Rc2 42.Rxa6 Kf3  0-1

[Event "Sydney International Open"]
[Site "Sydney AUS"]
[Date "2011.04.28"]
[Round "4"]
[White "Deviatkin,A"]
[Black "Goh Weiming"]
[Result "1/2-1/2"]
[WhiteElo "2566"]
[BlackElo "2382"]

1.e4 e6 2.d4 d5 3.Nd2 Be7 4.c3 c5 5.dxc5 Bxc5 6.exd5 exd5 7.Nb3 Bb6 8.Nf3 Nf6
9.Bb5+ Nc6 10.O-O O-O 11.Bg5 Bg4 12.h3 Bh5 13.Be2 Re8 14.Nfd4 Bxe2 15.Nxe2 h6
16.Bf4 Qd7 17.Ng3 Rad8 18.Qf3 Qe6 19.Rad1  1/2-1/2

[Event "43rd TCh-ITA 2011"]
[Site "Spoleto ITA"]
[Date "2011.04.29"]
[Round "4"]
[White "Godena,M"]
[Black "Sutovsky,E"]
[Result "0-1"]
[WhiteElo "2526"]
[BlackElo "2692"]

1.e4 e6 2.d4 d5 3.Nd2 Be7 4.c3 c5 5.dxc5 Nf6 6.exd5 Nxd5 7.Ne4 O-O 8.Bc4 Qc7
9.Nf3 b6 10.O-O Rd8 11.Bxd5 Rxd5 12.cxb6 axb6 13.Qc2 Nc6 14.c4 Rf5 15.Qe2 Bb7
16.Rd1 Na5 17.Nd4 Re5 18.Bf4 Bxe4 19.Qxe4 Rxe4 20.Bxc7 Nxc4 21.Nb5 Nxb2 22.Rd7 Bf6
23.Rb1 h5 24.h3 Rxa2 25.Bd8 Be5 26.Bc7 Nc4 27.Bxe5 Rxe5 28.Nd4 Rd2 29.Rc1 b5
30.Ra1 Re4 31.Raa7 Re1+ 32.Kh2 Rxf2 33.Nf3 Ree2 34.Rxf7 Rxg2+ 35.Kh1 Nd6  0-1

[Event "TCh-HUN 2010-11"]
[Site "Budapest HUN"]
[Date "2011.05.01"]
[Round "10"]
[White "Naiditsch,A"]
[Black "Hoang Thanh Trang"]
[Result "1-0"]
[WhiteElo "2674"]
[BlackElo "2482"]

1.e4 e6 2.d4 d5 3.Nd2 Be7 4.Bd3 c5 5.dxc5 Nf6 6.exd5 exd5 7.Nb3 O-O 8.Be3 Nbd7
9.Nf3 Qc7 10.O-O Nxc5 11.Nxc5 Bxc5 12.Bxc5 Qxc5 13.h3 Bd7 14.Nd4 Ba4 15.Qd2 Ne4
16.Qe3 Rfe8 17.Rfd1 Rac8 18.Re1 Qb4 19.Nf5 Qxb2 20.f3 Nd6 21.Qxa7 Nxf5 22.Qxa4 Ne3
23.Rab1 Qc3 24.Qb4 Qe5 25.Qh4 h6 26.Rxb7 d4 27.Rd7 Qc5 28.Qf4 Qf8 29.Qxd4  1-0

[Event "Ostravsky Konik A"]
[Site "Ostrava CZE"]
[Date "2011.05.02"]
[Round "3.12"]
[White "Hladik,O"]
[Black "Ganaus,H"]
[Result "1/2-1/2"]
[WhiteElo "2191"]
[BlackElo "2304"]

1.e4 e6 2.d4 d5 3.Nd2 Be7 4.Ngf3 Nf6 5.Bd3 c5 6.exd5 Qxd5 7.dxc5 Nbd7 8.Nb3 O-O
9.Be3 Ng4 10.Bd4 Nxc5 11.Nxc5 Bxc5 12.O-O Bxd4 13.Nxd4 Nf6 14.Nb5 Qc5 15.Nc3 Bd7
16.Qe2 Bc6 17.Rfd1 Qb4 18.Rab1 Rfd8 19.a3 Qh4 20.Bb5 Bxb5 21.Nxb5 a6 22.Nd6 Rd7
23.Qf3 Nd5 24.c4 Rxd6 25.cxd5 Qe7 26.Rbc1 exd5 27.Rxd5 Rxd5 28.Qxd5 Rd8 29.Qf3 g6
30.g3 h5 31.h4 Qd7  1/2-1/2

[Event "ch-UKR semi-final"]
[Site "Alushta UKR"]
[Date "2011.05.04"]
[Round "2.33"]
[White "Iakymov,Volodymyr"]
[Black "Rybakov,S UKR"]
[Result "1-0"]
[WhiteElo "2483"]
[BlackElo "2005"]

1.e4 e6 2.d4 d5 3.Nd2 Be7 4.Ngf3 dxe4 5.Nxe4 Nf6 6.Nxf6+ Bxf6 7.Bd3 O-O 8.Qe2 Nd7
9.Qe4 g6 10.Bh6 Re8 11.O-O-O c5 12.Bc4 cxd4 13.Nxd4 Nc5 14.Qe3 Qb6 15.Nb3 Na4
16.c3 e5 17.Qxb6 Nxb6 18.Bb5 Rd8 19.Rxd8+ Bxd8 20.Rd1 Be7 21.Be3 Be6 22.Na5 Nd5
23.Bd2 a6 24.Bd3 Rc8 25.Kb1 b5 26.Nb3 f5 27.f3 Kf7 28.Nc1 Nb6 29.b3 h5 30.Bf1 g5
31.Nd3 Kf6 32.Kb2 g4 33.Be1 Nd7 34.Bh4+ Kf7 35.Bxe7 Kxe7 36.Nb4 Nc5 37.Nd5+ Kf7
38.Nb4 Ke7 39.Nd5+ Kf7 40.Ne3 Ke7 41.c4 Rb8 42.Nd5+ Kf7 43.cxb5 axb5 44.Nc7 b4
45.Rd6 Ke7 46.Rc6 Rc8 47.Rxc5 Kd6 48.Nxe6  1-0

[Event "7th WSCC U17 Open"]
[Site "Krakow POL"]
[Date "2011.05.05"]
[Round "5.3"]
[White "Lewtak,Da"]
[Black "Igambergenov,A"]
[Result "1-0"]
[WhiteElo "2113"]
[BlackElo "2255"]

1.e4 e6 2.d4 d5 3.Nd2 Be7 4.Bd3 c5 5.Ngf3 Nf6 6.c3 Nc6 7.e5 Nd7 8.b3 Qb6
9.Bb2 cxd4 10.cxd4 Nb4 11.Be2 O-O 12.O-O Nc6 13.Bd3 f5 14.h4 Qd8 15.g3 b6
16.a3 a5 17.Rc1 Ndb8 18.Qe2 Qd7 19.Rc2 Ba6 20.Bxa6 Nxa6 21.Rfc1 Ncb8 22.Ng5 Ra7
23.Qh5 Bxg5 24.Qxg5 Rc7 25.Rxc7 Nxc7 26.Qe3 Nca6 27.Qc3 f4 28.g4 f3 29.Qe3 Qf7
30.Rc3 Qf4 31.Qxf4 Rxf4 32.Nxf3 Rxg4+ 33.Kh2 h6 34.Bc1 Kf7 35.Kh3 Re4 36.Be3 Ke7
37.Nd2 Rxe3+ 38.fxe3 Kd7 39.Rc1 Nc7 40.Kg4 Nc6 41.h5 Ne7 42.Kf3 Nb5 43.Nb1 Nf5
44.a4 Na7 45.Nc3 Nc6 46.Nb5 Nh4+ 47.Ke2 Nf5 48.Rg1 Nce7 49.Kd3 Kd8 50.Nc3 Kd7
51.e4 dxe4+ 52.Kxe4 Kc6 53.d5+ Kd7 54.dxe6+ Kxe6 55.Nb5 Kd7 56.Nd4 Nxd4 57.Kxd4 Ke6
58.Ke4 Kf7 59.Rg2 g6 60.Rf2+  1-0

[Event "ch-CAN"]
[Site "Guelph CAN"]
[Date "2011.05.06"]
[Round "1"]
[White "Guo,J"]
[Black "Thavandiran,S"]
[Result "0-1"]
[WhiteElo "2123"]
[BlackElo "2335"]

1.e4 e6 2.d4 d5 3.Nd2 Be7 4.Ngf3 Nf6 5.e5 Nfd7 6.c3 c5 7.Bd3 Nc6 8.O-O g5
9.b4 cxd4 10.cxd4 Nxb4 11.Be2 b6 12.Ba3 a5 13.Qa4 Ba6 14.Bxa6 Nxa6 15.Bxe7 Qxe7
16.Rfc1 O-O 17.h3 h6 18.Rc2 Rfc8 19.Rac1 Qd8 20.a3 Rxc2 21.Qxc2 Ra7 22.Qc8 Qxc8
23.Rxc8+ Kg7 24.Kf1 Rc7 25.Ra8 Ndb8 26.Ke2 Kf8 27.Kd3 Rb7 28.Nb1 Nc7  0-1

[Event "ch-CAN"]
[Site "Guelph CAN"]
[Date "2011.05.07"]
[Round "3"]
[White "Kleinman,Michael"]
[Black "Thavandiran,S"]
[Result "1/2-1/2"]
[WhiteElo "2195"]
[BlackElo "2335"]

1.e4 e6 2.d4 d5 3.Nd2 Be7 4.Ngf3 Nf6 5.e5 Nfd7 6.Bd3 c5 7.c3 Nc6 8.O-O g5
9.dxc5 Nxc5 10.Bb5 h6 11.Nd4 Qc7 12.f4 gxf4 13.b4 Nd7 14.N2f3 a6 15.Nxc6 bxc6
16.Ba4 a5 17.Nd4 axb4 18.Bxc6 Bb7 19.Bxb7 Qxb7 20.cxb4 Nxe5 21.Bxf4 Ng6 22.Qf3 Bf6
23.Be3 Bg7 24.Nxe6 Bxa1  1/2-1/2

[Event "NK Jeugd A"]
[Site "Haarlem NED"]
[Date "2011.05.07"]
[Round "8"]
[White "Colijn,E"]
[Black "Otten,Martijn"]
[Result "1/2-1/2"]
[WhiteElo "1982"]
[BlackElo "1959"]

1.e4 e6 2.d4 d5 3.Nd2 Nc6 4.Ngf3 Nf6 5.e5 Nd7 6.Be2 f6 7.exf6 gxf6 8.Nf1 Bg7
9.Ne3 O-O 10.h4 Nb6 11.h5 e5 12.h6 Bh8 13.Rh5 e4 14.Nh4 Kf7 15.Nhf5 Rg8 16.c4 Be6
17.c5 Nc8 18.Bg4 Qd7 19.Bh3 N8e7 20.a3  1/2-1/2

[Event "13th Salou Open"]
[Site "Salou ESP"]
[Date "2011.05.07"]
[Round "4"]
[White "Fedorchuk,S"]
[Black "Cornette,M"]
[Result "1-0"]
[WhiteElo "2654"]
[BlackElo "2562"]

1.e4 e6 2.d4 d5 3.Nd2 Nc6 4.Ngf3 Nf6 5.e5 Nd7 6.Bd3 f6 7.exf6 Qxf6 8.Nf1 e5
9.Ne3 Nb6 10.dxe5 Nxe5 11.Nxe5 Qxe5 12.O-O Bd6 13.f4 Qf6 14.a4 a5 15.Qh5+ g6
16.Qf3 O-O 17.f5 Qh4 18.g3 Qd4 19.Kg2 Bd7 20.Ng4 gxf5 21.Nh6+ Kh8 22.Nxf5 Bxf5
23.Bxf5 Rae8 24.Qh5 Qg7 25.Bh6 Qf7 26.Qf3 Rg8 27.Rae1 Nc4 28.b3 Rxe1 29.Rxe1 Ne5
30.Qf4 Qf6 31.Bxh7 Qxf4 32.Bxf4 Kxh7 33.Bxe5 Re8 34.Bc3 Ra8 35.Re6 Ra6 36.Be5 Bxe5
37.Rxe5 d4 38.Re7+  1-0

[Event "Ostravsky Konik A"]
[Site "Ostrava CZE"]
[Date "2011.05.08"]
[Round "9"]
[White "Bacak Ml.,P"]
[Black "Krouzel,J"]
[Result "0-1"]
[WhiteElo "2077"]
[BlackElo "2178"]

1.e4 e6 2.d4 d5 3.Nd2 Nc6 4.Ngf3 Nf6 5.e5 Nd7 6.Nb3 Be7 7.Bb5 Ncb8 8.O-O b6
9.a4 a5 10.Bf4 Ba6 11.Bxd7+ Nxd7 12.Re1 O-O 13.c3 c5 14.Qc1 Rc8 15.Qe3 cxd4
16.Nbxd4 Nc5 17.Nb5 Bxb5 18.axb5 Nb3 19.Rad1 Rc4 20.Bg5 Bxg5 21.Nxg5 Qe7
22.Qg3 h6 23.Nh3 a4 24.Rd3 Nc5 25.Rd4 Rxd4 26.cxd4 Ne4 27.Qd3 Rc8 28.f3 Qb4
29.Rd1 Qxb2 30.fxe4 a3 31.exd5 exd5 32.e6 fxe6 33.Qg6 Qe2 34.Ra1 a2 35.g4 Qe3+
36.Kg2 Qe2+ 37.Kg3 Rf8 38.Kh4 Kh8 39.Rc1 Qb2 40.Rc7 Qxd4 41.Rf7 Rxf7 42.Qxf7 Qf6+  0-1

[Event "41st Bosna Open"]
[Site "Sarajevo BIH"]
[Date "2011.05.08"]
[Round "5.6"]
[White "Can,E"]
[Black "Nevednichy,V"]
[Result "1/2-1/2"]
[WhiteElo "2487"]
[BlackElo "2542"]

1.e4 e6 2.d4 d5 3.Nd2 a6 4.Ngf3 Nf6 5.Bd3 c5 6.dxc5 dxe4 7.Nxe4 Nxe4 8.Bxe4 Qxd1+
9.Kxd1 Bxc5 10.Ke2 Nd7 11.c3 Ke7 12.Rd1 Nf6 13.Bc2 h6 14.Ne5 a5 15.Ba4 g5
16.c4 Ne4 17.Be3 Bxe3 18.Kxe3 Nc5 19.Bb5 Rg8 20.a3 f6 21.b4 axb4 22.axb4 Rxa1
23.Rxa1 Nd7 24.Nd3 e5 25.Ra8 Nb6 26.Ra7 Kd8 27.Ke4 Kc7 28.c5 Nd7 29.Bc4 Re8
30.Nb2 f5+ 31.Ke3 f4+ 32.Ke2 e4 33.Bb5 f3+ 34.gxf3 exf3+ 35.Kxf3 Ne5+ 36.Kg2 Rd8
37.Na4 Bg4 38.Nc3 Bf3+ 39.Kf1 Kb8 40.Ra1 Bg4 41.Be2 Nf3 42.Kg2 Nh4+ 43.Kg1 Rd4
44.Rb1 Bxe2 45.Nxe2 Rc4 46.Ng3 Kc7 47.Nf1 Rg4+ 48.Kh1 Rf4 49.Kg1 Kc6 50.Ne3 Kb5
51.Nd5 Rd4 52.Nc7+ Kc6 53.Ne6 Rg4+ 54.Kh1 Kd7 55.Ng7 Rc4 56.h3 Rc3 57.Kh2 Nf3+
58.Kg2 Nh4+ 59.Kh2 Nf3+ 60.Kg2 Nh4+ 61.Kh2  1/2-1/2

[Event "TCh-SVK Extraliga 2010-11"]
[Site "Slovakia SVK"]
[Date "2011.05.08"]
[Round "11.1"]
[White "Azarov,S"]
[Black "Maslik,M"]
[Result "1-0"]
[WhiteElo "2601"]
[BlackElo "2402"]

1.e4 e6 2.d4 d5 3.Nd2 a6 4.Ngf3 c5 5.exd5 exd5 6.dxc5 Bxc5 7.Nb3 Bb6 8.Bd3 Nf6
9.Qe2+ Qe7 10.Qxe7+ Kxe7 11.O-O Nc6 12.Re1+ Be6 13.Be3 Bxe3 14.Rxe3 Nb4 15.Nc5 Rac8
16.Nxe6 fxe6 17.Rae1 Nxc2 18.Rxe6+ Kd8 19.Rd1 Nb4 20.Bf5 Rc6 21.Re3 Nxa2
22.Nd4 Rb6 23.Ne6+ Kc8 24.Nxg7+ Kb8 25.Rd2 Rg8 26.Ne6 Nb4 27.Nd4 Ka7 28.g3 Rg7
29.h4 Nc6 30.Nxc6+ bxc6 31.Rc2 Rc7 32.Rec3 Kb7 33.Kg2 d4 34.Rc4 Rb5 35.Bd3 c5
36.Ra4 Kb6 37.b4 Nd7 38.bxc5+ Nxc5 39.Bxb5  1-0

[Event "ch-CAN"]
[Site "Guelph CAN"]
[Date "2011.05.09"]
[Round "6"]
[White "Barron,M"]
[Black "Nicholson,Matthew"]
[Result "0-1"]
[WhiteElo "2223"]
[BlackElo "1928"]

1.e4 e6 2.d4 d5 3.Nd2 a6 4.Bd3 c5 5.c3 Nc6 6.Ngf3 Nf6 7.e5 Nd7 8.Bc2 Be7
9.O-O g5 10.Nb3 c4 11.Nbd2 b5 12.a3 Bb7 13.Kh1 a5 14.Re1 g4 15.Ng1 h5 16.Nf1 Qc7
17.f3 O-O-O 18.fxg4 hxg4 19.Qxg4 Ndxe5 20.dxe5 Nxe5 21.Rxe5 Qxe5 22.Bf4 Qf6
23.Re1 Rh4 24.Be5 Rxg4 25.Bxf6 Bxf6 26.Ne3 Rgg8 27.Nf3 b4 28.Nd4 e5 29.Nb5 d4
30.Ng4 d3 31.Bd1 Bh8 32.Rf1 Rd7 33.Ne3 Bc6 34.a4 Kb7 35.Bf3 Bxf3 36.Rxf3 e4
37.Rf1 bxc3 38.bxc3 d2 39.Kg1 f5 40.Nd1 Re8 41.Kf2 f4 42.Na3 e3+ 43.Ke2 Re4
44.Nb5 Be5 45.Nd4 Bxd4 46.cxd4 Rexd4 47.g3 fxg3 48.hxg3 Rd3 49.Rf4 R7d4 50.Rf5 Kb6
51.Rb5+ Kc6 52.Rb8 Rd8 53.Rxd8 Rxd8 54.Nxe3 c3 55.Kd1 Rd3 56.Nc2 Rxg3 57.Nd4+ Kd5
58.Ne2 Re3  0-1

[Event "ch-Euro Indiv Women"]
[Site "Tbilisi GEO"]
[Date "2011.05.09"]
[Round "3"]
[White "Krivec,J"]
[Black "Fataliyeva,U"]
[Result "1-0"]
[WhiteElo "2296"]
[BlackElo "2105"]

1.e4 e6 2.d4 d5 3.Nd2 Be7 4.Bd3 c5 5.dxc5 Nf6 6.Qe2 O-O 7.Ngf3 a5 8.O-O Na6
9.e5 Nd7 10.c3 Naxc5 11.Bc2 b6 12.Re1 Ba6 13.Qe3 f6 14.exf6 Bxf6 15.Nd4 Re8
16.Qh3 Nf8 17.N2b3 e5 18.Nf5 Nce6 19.Qg4 Ng6 20.Bd2 Rc8 21.Rad1 Rc4 22.Qh3 a4
23.Nc1 Bc8 24.b3 axb3 25.axb3 Rc7 26.Ne2 e4 27.Be3 Bxc3 28.Nxc3 Rxc3 29.Bxe4 Nef4
30.Qf3 Bxf5 31.Bxf5 d4 32.Bxg6 Nxg6 33.Qg4 d3 34.Qb4 Rc6 35.Qb5 Rd6 36.Rd2 Re5
37.Qc4+ Kh8 38.Rc1 b5 39.Qc8 Re8 40.Qc5 Rd5 41.Qc3 Ne5 42.h3 Qh4 43.Qc7 Qb4
44.Qb7 Rd7 45.Rc8 Rdd8 46.Rc7 Rb8 47.Qd5 Rbd8 48.Qb7 Rb8 49.Qd5 Qa5 50.Qc5 Qa1+
51.Kh2 Qe1 52.Qc3 b4 53.Qb2 Rbc8 54.Qxe5  1-0

[Event "ch-Euro Indiv Women"]
[Site "Tbilisi GEO"]
[Date "2011.05.09"]
[Round "3"]
[White "Kochetkova,J"]
[Black "Tereladze,S"]
[Result "1/2-1/2"]
[WhiteElo "2341"]
[BlackElo "2177"]

1.e4 e6 2.d4 d5 3.Nd2 Nc6 4.Ngf3 Nf6 5.e5 Ne4 6.c3 Nxd2 7.Bxd2 h6 8.Bd3 g6
9.O-O Bg7 10.Rc1 Ne7 11.h3 Nf5 12.Qe2 Bd7 13.Rfe1 b6 14.Bf4 c5 15.Bxf5 gxf5
16.Qe3 c4 17.Bg3 Bf8 18.b3 Bb5 19.Rb1 Qc7 20.Bh4 Kd7 21.Nd2 Rc8 22.a4 Ba6
23.b4 Bb7 24.Qf3 Be7 25.Bxe7 Kxe7 26.Nf1 h5 27.b5 a5 28.bxa6 Bc6 29.Rb4 Ra8
30.Reb1 Rxa6 31.Qg3 Kf8 32.Qg5 Bxa4 33.Ng3 Qe7 34.Qxe7+ Kxe7 35.Rxb6 Rxb6
36.Rxb6 h4 37.Rb7+ Bd7 38.Ne2 Ra8 39.g3 hxg3 40.fxg3 Ra2 41.Kf2 Kd8 42.h4 Kc8
43.Rb1 Ba4 44.Re1 Kd7 45.Ke3 Bc2 46.Nf4 Be4 47.Rc1 Ke7 48.Nh5 Bd3 49.Kf4 Re2
50.Nf6 Rf2+ 51.Ke3 Re2+ 52.Kf3 Ra2 53.h5 Be4+ 54.Kf4 Rf2+ 55.Kg5 f4 56.gxf4 Ra2
57.h6 Rg2+ 58.Kh4 Rh2+ 59.Kg3 Rg2+ 60.Kh3 Rg6 61.Nxe4 Rxh6+ 62.Kg3 dxe4 63.Re1 Kd7
64.Rxe4 Rh1 65.Re3 Kc6 66.Kg4 Rd1 67.f5 Kd5 68.fxe6 fxe6 69.Kf4 Rd2 70.Rf3 Rg2
71.Ke3 Rc2  1/2-1/2

[Event "ch-Euro Indiv Women"]
[Site "Tbilisi GEO"]
[Date "2011.05.10"]
[Round "4"]
[White "Choladze,M"]
[Black "Alexanian,N"]
[Result "0-1"]
[WhiteElo "1818"]
[BlackElo "2141"]

1.e4 e6 2.d4 d5 3.Nd2 a6 4.e5 c5 5.c3 Nc6 6.Ndf3 Qb6 7.Bd3 cxd4 8.cxd4 Bb4+
9.Bd2 Nxd4 10.a3 Bxd2+ 11.Qxd2 Nb3 12.Qg5 Qa5+ 13.Kf1 g6 14.Rd1 Bd7 15.g3 Bb5
16.Kg2 Bxd3 17.Rxd3 Nc5 18.Rd1 Ne4 19.Qe3 Qc5 20.Nd4 Qe7 21.Ngf3 h6 22.h4 Nc5
23.b4 Na4 24.Qb3 Nb6 25.b5 Kf8 26.Rc1 Nc4 27.bxa6 Rxa6 28.Nb5 Kg7 29.Nfd4 h5
30.Rhe1 Nh6 31.Qf3 Ng4 32.Qf4 Rd8 33.f3 Nh6 34.Kh3 Nxa3 35.Rc7 Qe8 36.Qf6+ Kg8
37.Nd6 Raxd6 38.exd6 Rxd6 39.Rec1 Nc4 40.Qe7 Qxe7 41.Rxe7 Rb6 42.Rd7 Kf8
43.Rd8+ Ke7 44.Rh8 e5 45.Rxh6 exd4 46.Rd1 Ne3 47.Re1 Re6 48.Rb1 d3 49.Rxb7+ Kd6
50.Rb2 Nf1 51.Rh8 d2 52.Rd8+ Ke7 53.Rxd5 Re2 54.Rdxd2 Rxd2 55.Rxd2 Nxd2  0-1

[Event "41st Bosna Open"]
[Site "Sarajevo BIH"]
[Date "2011.05.11"]
[Round "8.37"]
[White "Pestek,E"]
[Black "Vojinovic,J"]
[Result "0-1"]
[WhiteElo "2006"]
[BlackElo "2305"]

1.e4 e6 2.d4 d5 3.Nd2 a6 4.Bd3 c5 5.c3 Nc6 6.Ne2 cxd4 7.cxd4 Nb4 8.Bb1 dxe4
9.Nxe4 Bd7 10.O-O Bc6 11.Be3 Nf6 12.N2g3 Nbd5 13.a3 Be7 14.Bd3 Qc7 15.Rc1 Rc8
16.b4 O-O 17.Qd2 Nxe4 18.Bxe4 Qd7 19.Bxd5 Qxd5 20.f3 Rfd8 21.Rfd1 Ra8 22.Ne4 Qf5
23.Ng3 Qb5 24.Ne4 a5 25.Nc3 Qf5 26.Rb1 axb4 27.axb4 b5 28.Qf2 h6 29.Qg3 Bd6
30.Qh4 Rd7 31.Rf1 Ra3 32.Bd2 Be7 33.Qf2 Bf6 34.Ne2 Qd3 35.Rbd1 Ra2 36.Nc1 Qa3
37.Ne2 Bd5 38.Kh1 Bb3 39.Bc1 Qxb4 40.Rde1 Bc4 41.Qe3 Bxe2 42.Rxe2 Bxd4 43.Qe4 Qc4
44.Rfe1 Rxe2 45.Qxe2 Qxe2 46.Rxe2 Bc3  0-1

[Event "41st Bosna Open"]
[Site "Sarajevo BIH"]
[Date "2011.05.11"]
[Round "8.8"]
[White "Kanmazalp,O"]
[Black "Erdos,V"]
[Result "1/2-1/2"]
[WhiteElo "2404"]
[BlackElo "2609"]

1.e4 e6 2.d4 d5 3.Nd2 a6 4.Ngf3 c5 5.exd5 exd5 6.c4 Nf6 7.cxd5 cxd4 8.Bc4 b5
9.Bb3 Bc5 10.Qe2+ Qe7 11.Qxe7+ Kxe7 12.O-O Rd8 13.Re1+ Kf8 14.Ne4 Nxe4 15.Rxe4 Bb7
16.Nxd4 Bxd5 17.Bxd5 Rxd5 18.Be3 Nd7 19.Nf3 Rd8 20.g3 Bxe3 21.Rxe3 Nc5 22.Rc1 Nd3
23.Rc7 R5d7 24.Rxd7 Rxd7 25.b3 Nc1 26.a3 Rd1+ 27.Kg2 Nd3 28.h4 h6 29.h5 Nc5
30.b4 Nd3 31.Ne5 Nxe5 32.Rxe5 Rd3 33.a4 bxa4 34.Ra5 a3 35.Rxa6 Rb3 36.Ra5 Ke7
37.Ra7+ Ke6 38.Ra5 Kd6 39.Kh3 Kc6 40.f4 Kb6 41.Kg4 Rd3 42.Kh3 Rc3 43.Kg4 Rb3
44.Kh3 f5 45.Kg2 Rb2+ 46.Kf3 a2 47.Ke3 Rb3+ 48.Kf2 Rb2+ 49.Ke3 Kc6 50.Kf3 Kd6
51.Ke3 Ke6 52.Kf3 Kf6 53.Ra6+ Kf7 54.Ra7+ Ke6 55.Ra5 Rb3+ 56.Kf2 Rb2+ 57.Kf3 Rb3+
58.Kf2 Rb2+ 59.Kf3 Rb3+ 60.Kf2  1/2-1/2

[Event "ch-Euro Indiv Women"]
[Site "Tbilisi GEO"]
[Date "2011.05.11"]
[Round "5"]
[White "Pogonina,N"]
[Black "Ikonomopoulou,M"]
[Result "1-0"]
[WhiteElo "2448"]
[BlackElo "2121"]

1.e4 e6 2.d4 d5 3.Nd2 Be7 4.e5 c5 5.Ndf3 Nc6 6.c3 Qb6 7.Bd3 cxd4 8.cxd4 Bb4+
9.Kf1 Bd7 10.Ne2 Be7 11.g3 h5 12.h4 Nh6 13.Kg2 Ng4 14.a3 a5 15.b3 Kf8 16.Rf1 Re8
17.Bb2 g6 18.Bc1 Kg7 19.Bg5 Bxg5 20.hxg5 Ne7 21.Nh4 Bb5 22.Qd2 Bxd3 23.Qxd3 Qa6
24.Qxa6 bxa6 25.Rac1 Nf5 26.Rfe1 Rb8 27.Rc5 Rhc8 28.Rec1  1-0

[Event "ch-Euro Indiv Women"]
[Site "Tbilisi GEO"]
[Date "2011.05.11"]
[Round "5"]
[White "Zimina,O"]
[Black "Isgandarova,K"]
[Result "1/2-1/2"]
[WhiteElo "2346"]
[BlackElo "2143"]

1.e4 e6 2.d4 d5 3.Nd2 Be7 4.c3 c5 5.dxc5 Nf6 6.Bd3 dxe4 7.Bxe4 Bxc5 8.Bc2 O-O
9.Ngf3 e5 10.O-O Nc6 11.Qe2 Re8 12.Ne4 Be7 13.Rd1 Qc7 14.Nfg5 h6 15.Nxf6+ Bxf6
16.Ne4 Be7 17.Qh5 Nd4 18.Ba4 b5 19.cxd4 bxa4 20.Qxe5 Qb6 21.Be3 Bg4 22.d5 Bc5
23.Bxc5 Rxe5 24.Bxb6 Bxd1 25.Rxd1 axb6 26.f3 Kf8 27.a3 Ke7 28.Rd4 Ra5 29.Nc3 Kd6
30.Kf2 b5 31.Ne4+ Kc7 32.f4 Re8 33.Kf3 Raa8 34.Nc3 Kb6 35.d6 Kc6 36.f5 Rad8
37.Ne4 Re5 38.Kf4 Rd5 39.Rb4 Rd3 40.g3 Rb3 41.Rxb3 axb3 42.Ke5 b4 43.a4 Ra8
44.f6 Re8+ 45.Kd4 gxf6 46.d7 Rg8 47.Nxf6 Rb8 48.a5 Rd8 49.Kc4 Kd6 50.Kxb3 Ke7
51.Ng4 Rxd7 52.Nxh6 Rd5 53.Kxb4 Rd2 54.Kc3 Rxh2 55.Nf5+ Ke6 56.Ne3 Rh5 57.Nf1 Kd5
58.b4 Rh1 59.Ne3+ Kc6 60.Kd4 Kb5 61.Ke5 Kxb4 62.Kf6 Kxa5 63.Kxf7 Kb5  1/2-1/2

[Event "4th Marko Jaric Mem"]
[Site "Stari Mikanovci CRO"]
[Date "2011.05.14"]
[Round "3"]
[White "Rogic,D"]
[Black "Palac,M"]
[Result "0-1"]
[WhiteElo "2581"]
[BlackElo "2583"]

1.e4 e6 2.d4 d5 3.Nd2 Be7 4.Ngf3 Nf6 5.Bd3 c5 6.exd5 Qxd5 7.dxc5 Qxc5 8.O-O Nbd7
9.Nb3 Qc7 10.a4 b6 11.a5 Bb7 12.axb6 axb6 13.Rxa8+ Bxa8 14.Qe2 O-O 15.Bd2 Ng4
16.Nbd4 Nc5 17.Bb5 Bf6 18.h3 Bxd4 19.hxg4 Bxb2 20.Rb1 Bf6 21.Be3 Ne4 22.Qc4 Nc5
23.Bf4 Qa7 24.Ne5 Bd5 25.Qb4 Be4 26.Nd7 Nxd7 27.Qxe4 Qa2 28.Rd1 Nc5 29.Qe2 Na4
30.Bc4 Nc3 31.Qd3 Qa4 32.Rd2 b5 33.g5 bxc4 34.Qd6 Ne4  0-1

[Event "ch-KAZ 2011"]
[Site "Astana KAZ"]
[Date "2011.05.15"]
[Round "1"]
[White "Davletbayeva,M"]
[Black "Kotsur,P"]
[Result "0-1"]
[WhiteElo "2234"]
[BlackElo "2562"]

1.e4 e6 2.d4 d5 3.Nd2 Nc6 4.Ngf3 Nf6 5.e5 Nd7 6.c3 f6 7.Nh4 g6 8.Qg4 Qe7
9.f4 b6 10.Qh3 Rg8 11.Bd3 Bb7 12.O-O f5 13.g3 Nd8 14.Rf2 c5 15.Qf1 h6 16.Ba6 Bxa6
17.Qxa6 Nb8 18.Qb5+ Qd7 19.Qxd7+ Kxd7 20.Ndf3 Nbc6 21.Be3 Rc8 22.Rd1 cxd4
23.cxd4 Be7 24.Rc1 Nb4 25.Rxc8 Kxc8 26.a3 Nbc6 27.Rc2 Kd7 28.b4 a6 29.Ng2 Na7
30.Kf2 b5 31.Bc1 Ndc6 32.Ke3 g5 33.Bb2 a5 34.bxa5 Nxa5 35.a4  0-1

[Event "I Bahia Feliz GM"]
[Site "Bahia Feliz ESP"]
[Date "2011.05.15"]
[Round "4"]
[White "Vega Gutierrez,S"]
[Black "Kindermann,S"]
[Result "1/2-1/2"]
[WhiteElo "2306"]
[BlackElo "2515"]

1.e4 e6 2.d4 d5 3.Nd2 Be7 4.Ngf3 Nf6 5.e5 Nfd7 6.c3 c5 7.Bd3 b6 8.O-O Ba6
9.Bxa6 Nxa6 10.c4 Nc7 11.cxd5 Nxd5 12.Ne4 O-O 13.Bg5 cxd4 14.Qxd4 Nc5 15.Bxe7 Qxe7
16.Nxc5 bxc5 17.Qe4 Rab8 18.b3 Rb4 19.Qc2 Rc8 20.Rac1 h6 21.Rfe1 a5 22.Re4 Qb7
23.Nd2 a4 24.Nc4 axb3 25.axb3 Ra8 26.g3 Rxb3 27.Nd6 Qb6 28.Qxc5 Rb1 29.Rc4 Qb2
30.Rxb1 Qxb1+ 31.Rc1 Qb2 32.Re1 Qd2 33.Qc1 Qd3 34.Qc6 Rb8 35.Ra1 Qd4 36.Ra8 Qd1+
37.Kg2 Ne3+ 38.fxe3 Qe2+ 39.Kg1 Qe1+  1/2-1/2

[Event "2nd Danzhou GM"]
[Site "Danzhou CHN"]
[Date "2011.05.15"]
[Round "1"]
[White "Hou Yifan"]
[Black "Zhou Weiqi"]
[Result "1-0"]
[WhiteElo "2612"]
[BlackElo "2610"]

1.e4 e6 2.d4 d5 3.Nd2 a6 4.Ngf3 Nf6 5.Bd3 c5 6.e5 Nfd7 7.c3 Nc6 8.O-O Be7
9.Re1 c4 10.Bc2 b5 11.Nf1 Bb7 12.h3 h6 13.N3h2 Qb6 14.Qh5 g6 15.Bxg6 fxg6
16.Qxg6+ Kd8 17.Qxe6 Na7 18.Qf7 Nf8 19.f4 Rh7 20.Qh5 Qg6 21.Qxg6 Nxg6 22.f5 Nh4
23.f6 Bf8 24.e6 Bd6 25.Ng4 Kc7 26.Nxh6 Rah8 27.Bg5 Nc8 28.Bxh4 Rg8 29.Nf7 Rxh4
30.Nxd6 Kxd6 31.e7 Nxe7 32.Rxe7 Bc8 33.Rg7 Rf8 34.f7 Rf4 35.Ne3 R8xf7 36.Rxf7 Rxf7
37.Rf1 Rg7 38.Rf6+  1-0

[Event "Serbian Cup 2011"]
[Site "Valjevo SRB"]
[Date "2011.05.16"]
[Round "1.5"]
[White "Nedeljkovic,Dr"]
[Black "Zlatanovic,B"]
[Result "0-1"]
[WhiteElo "2169"]
[BlackElo "2431"]

1.e4 e6 2.d4 d5 3.Nd2 Nc6 4.Ngf3 Nf6 5.e5 Nd7 6.Nb3 Be7 7.Bb5 Ncb8 8.O-O b6
9.Bf4 a5 10.a4 Ba6 11.Qe2 c6 12.Bxa6 Nxa6 13.Rac1 O-O 14.Rfe1 c5 15.dxc5 bxc5
16.Bd2 Nb4 17.c4 Nb6 18.cxd5 Qxd5 19.Bxb4 axb4 20.Nfd2 Nxa4 21.Nc4 Rad8 22.Red1 Qc6
23.Nba5 Qb5 24.Qc2 Rd4 25.Ra1 b3 26.Qc1 Rfd8 27.Rxd4 cxd4 28.Qd1 Nc5 29.Nd2 Rb8
30.Ra3 Nd7 31.Ra1 Nxe5 32.Naxb3 Nc6 33.Rc1 e5 34.Qf3 Nb4 35.Rc7 Nd5 36.Ra7 Rd8
37.Ra5 Qc6 38.h3 Bb4 39.Ra7 Rd7 40.Rxd7 Qxd7 41.Nc4 Qe6 42.Qe4 Nc7 43.Qe2 h6
44.Nbd2 Bxd2 45.Nxd2 Qd5 46.Qd3 Ne6 47.b4 Nf4 48.Qe4 f5 49.Qxd5+ Nxd5 50.b5 Nb6
51.Nf3 Nd7 52.Kf1 Kf7 53.b6 Ke6 54.b7 g5 55.g4 fxg4 56.hxg4 Kd6 57.Nd2 Kc7
58.Ne4 Kxb7 59.Nd6+ Kc6 60.Nf7 Kd5 61.f3 e4 62.fxe4+ Kxe4 63.Nxh6 Ne5 64.Kf2 Kf4
65.Ke2 Nxg4 66.Nf7 Ne5 67.Nd6 g4 68.Nb5 d3+ 69.Kf2 g3+  0-1

[Event "zt 2.5"]
[Site "Asuncion PAR"]
[Date "2011.05.17"]
[Round "2"]
[White "Felgaer,R"]
[Black "Avalos Parra,J"]
[Result "1-0"]
[WhiteElo "2570"]
[BlackElo "2251"]

1.e4 e6 2.d4 d5 3.Nd2 Be7 4.Ngf3 Nf6 5.e5 Nfd7 6.Bd3 c5 7.c3 Nc6 8.O-O cxd4
9.cxd4 g5 10.Nb3 g4 11.Ne1 h5 12.f4 Qb6 13.Be3 a5 14.a4 Nf8 15.Rc1 Bd7 16.Nc5 Bxc5
17.Rxc5 Ne7 18.Qc2 Bc6 19.f5 exf5 20.Bxf5 Ne6 21.Bxe6 fxe6 22.Nd3 Nf5 23.Nf4 Kd7
24.Nxd5 Bxd5 25.Rxf5 exf5 26.Rxd5+ Ke7 27.Qxf5  1-0

[Event "46th Capablanca Memorial Open B"]
[Site "Havana CUB"]
[Date "2011.05.17"]
[Round "6.20"]
[White "Castro,Jose VEN"]
[Black "Pacey,K"]
[Result "0-1"]
[WhiteElo "2133"]
[BlackElo "2169"]

1.e4 e6 2.d4 d5 3.Nd2 Nc6 4.Ngf3 Nf6 5.e5 Nd7 6.c3 f6 7.exf6 Qxf6 8.Be2 Bd6
9.Nf1 e5 10.dxe5 Ndxe5 11.Qxd5 Be6 12.Qb5 O-O 13.Be3 a6 14.Qa4 Qg6 15.Nh4 Nd3+
16.Kd2 Nxb2 17.Nxg6 Nxa4 18.Nxf8 Rxf8 19.Ng3 Be5 20.Bd4 Nxd4 21.cxd4 Bxd4
22.Rac1 Be5 23.Ke1 Bxa2 24.Bc4+ Bxc4 25.Rxc4 Nb2 26.Rc2 Nd3+ 27.Kf1 a5 28.Ne4 a4
29.f3 a3 30.Ke2 Nf4+ 31.Kf2 Ra8 32.Nc3 Nd3+ 33.Ke2 Nb4 34.Rcc1 a2 35.Rhd1 Bxc3
36.Rxc3 a1=Q  0-1